[Event "3rd ACT"]
[Site "Amsterdam NED"]
[Date "2006.07.19"]
[Round "5"]
[White "De Saegher,C"]
[Black "De Boer,Sy"]
[Result "1/2-1/2"]
[WhiteElo "2203"]
[BlackElo "2353"]
[EventDate "2006.07.15"]

1. d4 Nf6 2. Nf3 e6 3. c4 b6 4. g3 Ba6 5. b3 b5 6. cxb5 Bxb5 7. Bg2 Bb4+ 8.
Bd2 a5 9. O-O O-O 10. Ne5 d5 11. Nc3 Ba6 12. Na4 Nfd7 13. Bxb4 axb4 14. Nd3
Nc6 15. e3 Bb5 16. Qc2 Ncb8 17. Rfc1 Na6 18. Bf1 Bxa4 19. bxa4 Qe7 20. Qb3
Rfc8 21. Rc6 Ndb8 22. Rc2 c6 23. Rac1 Rc7 24. Ne5 Qe8 25. Bxa6 Rxa6 26.
Qxb4 Rca7 27. a5 Rxa5 28. Nxc6 Nxc6 29. Rxc6 Ra8 30. Rc8 Rxc8 31. Rxc8 Qxc8
32. Qxa5 g5 33. a4 Kg7 34. Qc5 Qb7 35. Qb5 Qc8 36. a5 Qc2 37. a6 g4 38. Qf1
Qa2 39. h3 h5 40. hxg4 hxg4 41. Qb5 Qa1+ 42. Kg2 Qa2 43. e4 dxe4 44. Qe5+
f6 45. Qc7+ Kg6 46. Qb6 Qe2 47. Qb1 Qxa6 48. Qxe4+ f5 49. Qe3 Qc6+ 50. Kh2
Qd5 51. Kg1 1/2-1/2

[Event "3rd ACT"]
[Site "Amsterdam NED"]
[Date "2006.07.19"]
[Round "5"]
[White "Wempe,Jo"]
[Black "Bezemer,A"]
[Result "1-0"]
[WhiteElo "2242"]
[BlackElo "2346"]
[EventDate "2006.07.15"]

1. d4 Nf6 2. c4 e6 3. Nf3 b6 4. e3 Bb7 5. Bd3 d5 6. O-O Bd6 7. Nc3 Nbd7 8.
Qc2 dxc4 9. Bxc4 Bxf3 10. gxf3 O-O 11. Rd1 a6 12. Bf1 Qe7 13. Bg2 Ra7 14.
Ne4 Nh5 15. b3 f5 16. Nxd6 Qxd6 17. a4 Rf6 18. f4 Rg6 19. Kf1 Qe7 20. Qc6
Nb8 21. Qf3 Nf6 22. Ba3 Qd7 23. Rac1 Ne4 24. Qe2 Qd5 25. Qc4 Nd7 26. Qc6 h6
27. Qxd5 exd5 28. Bh3 c6 29. Bxf5 Rf6 30. Bh3 Nb8 31. Ke2 Kf7 32. Rg1 b5
33. axb5 axb5 34. Ra1 Nc3+ 35. Kf3 g5 36. Bb4 Na2 37. Bc5 Ra6 38. Bc8 Ra5
39. Rge1 Na6 40. Re2 1-0

[Event "3rd ACT"]
[Site "Amsterdam NED"]
[Date "2006.07.19"]
[Round "5"]
[White "Hendriks,W"]
[Black "Van de Fliert,W"]
[Result "1-0"]
[WhiteElo "2426"]
[BlackElo "2195"]
[EventDate "2006.07.15"]

1. e4 e6 2. d4 d5 3. Bd3 dxe4 4. Bxe4 Nf6 5. Bf3 c5 6. Ne2 Nc6 7. Be3 cxd4
8. Nxd4 Nxd4 9. Qxd4 Qc7 10. Nc3 e5 11. Qd3 Bd7 12. O-O-O a6 13. Nd5 Nxd5
14. Bxd5 Bg4 15. f3 Bh5 16. Qb3 Bg6 17. Bb6 Bxc2 18. Bxc7 Bxb3 19. Bxb7
Bxd1 20. Rxd1 Ra7 21. Bc6+ Ke7 22. Bb6 1-0

[Event "3rd ACT"]
[Site "Amsterdam NED"]
[Date "2006.07.19"]
[Round "5"]
[White "Pliester,L"]
[Black "Eggleston,D"]
[Result "1-0"]
[WhiteElo "2391"]
[BlackElo "2232"]
[EventDate "2006.07.15"]

1. e4 c5 2. Nf3 d6 3. d4 cxd4 4. Nxd4 Nf6 5. Nc3 a6 6. a4 e5 7. Nde2 Nbd7
8. g3 b6 9. Bg2 Bb7 10. O-O Rc8 11. h3 g6 12. f4 Qc7 13. Kh1 Bg7 14. g4
exf4 15. Bxf4 Ne5 16. Bg5 Nfd7 17. Nf4 Qb8 18. Nfd5 h5 19. gxh5 Rxh5 20.
Qd2 Rc5 21. Rad1 Bxd5 22. Nxd5 Nf8 23. Bf6 Bh6 24. Qf2 Ng4 25. Qf3 Qc8 26.
Bd4 Qd7 27. Bxc5 bxc5 28. Qxg4 Qxg4 29. Nf6+ Ke7 30. Nxg4 1-0

[Event "3rd ACT"]
[Site "Amsterdam NED"]
[Date "2006.07.19"]
[Round "5"]
[White "Slingerland,F"]
[Black "Breivik,L"]
[Result "1-0"]
[WhiteElo "2338"]
[BlackElo "2226"]
[EventDate "2006.07.15"]

1. e4 c5 2. Nf3 Nc6 3. d4 cxd4 4. Nxd4 Nf6 5. Nc3 e5 6. Ndb5 d6 7. Bg5 a6
8. Na3 b5 9. Bxf6 gxf6 10. Nd5 f5 11. Bd3 Be6 12. c3 Bg7 13. Qh5 O-O 14.
exf5 Bxd5 15. f6 e4 16. fxg7 Re8 17. Be2 Re5 18. Qh6 b4 19. Nc2 bxc3 20.
bxc3 Rg5 21. O-O Ne5 22. Rfd1 Rg6 23. Qf4 Bb7 24. Ne3 Rxg7 25. Nf5 Qg5 26.
Qxg5 Rxg5 27. Nxd6 Bc6 28. h4 Rg6 29. Nf5 Re8 30. Bxa6 Bd7 31. Rxd7 Rxa6
32. Rd4 Rg6 33. Kf1 Nc6 34. Rd6 Re5 35. Rxg6+ hxg6 36. Nd4 Na5 37. Nb3 Nc4
38. a4 e3 39. fxe3 Rxe3 40. Rc1 Re5 41. Re1 Rf5+ 42. Kg1 Rd5 43. Re4 Nb2
44. a5 Rd6 45. Rd4 Rc6 46. Rd2 Na4 47. Ra2 Nxc3 48. Rc2 Kg7 49. a6 Rxa6 50.
Rxc3 Ra4 51. g3 f5 52. Rf3 g5 53. hxg5 Kg6 54. Nc5 Ra1+ 55. Kg2 Re1 56. Nb3
Rd1 57. Rf4 Rd5 58. Nd4 Kxg5 59. Kh3 Ra5 60. Rxf5+ Rxf5 61. Nxf5 Kxf5 62.
Kh4 Kg6 63. Kg4 Kh6 64. Kf5 Kh7 65. Kf6 Kh6 66. g4 Kh7 67. g5 Kg8 68. Kg6
Kh8 69. Kf7 1-0

[Event "3rd ACT"]
[Site "Amsterdam NED"]
[Date "2006.07.19"]
[Round "5"]
[White "Wunnink,M"]
[Black "Afek,Y"]
[Result "1/2-1/2"]
[WhiteElo "2235"]
[BlackElo "2316"]
[EventDate "2006.07.15"]

1. e4 c5 2. Nf3 Nc6 3. d4 cxd4 4. Nxd4 g6 5. c4 Bg7 6. Be3 Nf6 7. Nc3 O-O
8. Be2 d6 9. O-O Bd7 10. Nb3 b6 11. f4 Bc8 12. Bf3 Bb7 13. Qe2 Rc8 14. Rfd1
Qc7 15. Rac1 1/2-1/2

[Event "3rd ACT"]
[Site "Amsterdam NED"]
[Date "2006.07.19"]
[Round "5"]
[White "Bachofner,A"]
[Black "Hopman,P"]
[Result "1-0"]
[WhiteElo "2185"]
[BlackElo "2304"]
[EventDate "2006.07.15"]

1. e4 d6 2. d4 Nf6 3. Nc3 g6 4. Nf3 Bg7 5. Be2 O-O 6. O-O Nc6 7. d5 Nb8 8.
h3 a6 9. a4 b6 10. Be3 Bb7 11. Qd2 c6 12. Rad1 Qc7 13. Bh6 Nbd7 14. Rfe1
Rfc8 15. Qg5 Bh8 16. Nd4 Qd8 17. Nf5 b5 18. Bg4 Rc7 19. e5 dxe5 20. Nxe7+
Qxe7 21. d6 Qd8 22. dxc7 Qxc7 23. Bxd7 Nxd7 24. Qe7 Rd8 25. Ne4 1-0

[Event "3rd ACT"]
[Site "Amsterdam NED"]
[Date "2006.07.19"]
[Round "5"]
[White "Doggers,P"]
[Black "Heemskerk,W"]
[Result "1-0"]
[WhiteElo "2232"]
[BlackElo "2298"]
[EventDate "2006.07.15"]

1. e4 e6 2. d4 d5 3. Nc3 dxe4 4. Nxe4 Bd7 5. Nf3 Bc6 6. Bd3 Nd7 7. O-O Ngf6
8. Nxf6+ Nxf6 9. Qe2 Be7 10. Rd1 Bxf3 11. Qxf3 Qd5 12. Qe2 O-O 13. c4 Qh5
14. Qxh5 Nxh5 15. Be4 c6 16. Bf3 Nf6 17. Rd3 Rfd8 18. Rb3 Rd7 19. Be3 Kf8
20. Kf1 a5 21. Ke2 a4 22. Rd3 Ra6 23. Rc1 Bb4 24. g4 Ra5 25. g5 Ne8 26. h4
Nc7 27. Rdd1 Be7 28. Be4 Ra8 29. f4 Kg8 30. f5 Re8 31. Kf3 Bd6 32. fxe6
fxe6 33. Kg4 Rdd8 34. h5 Rf8 35. Rf1 Rxf1 36. Rxf1 a3 37. bxa3 Ra8 38. Rb1
Rxa3 39. Bf4 Bxf4 40. Kxf4 b5 41. Bxc6 Ra4 42. Bxb5 Rxa2 43. Ke5 1-0

[Event "3rd ACT"]
[Site "Amsterdam NED"]
[Date "2006.07.19"]
[Round "5"]
[White "Zhang,T"]
[Black "Witt,Rob"]
[Result "1-0"]
[WhiteElo "2217"]
[BlackElo "2296"]
[EventDate "2006.07.15"]

1. e4 e6 2. d4 d5 3. e5 c5 4. c3 Nc6 5. Nf3 Qb6 6. a3 Nh6 7. b4 cxd4 8.
cxd4 Nf5 9. Bb2 Bd7 10. g4 Nh6 11. h3 f6 12. exf6 gxf6 13. Nc3 Nf7 14. Be2
Qd8 15. O-O Bd6 16. Re1 O-O 17. Bd3 Ng5 18. Kg2 Nxf3 19. Qxf3 Ne7 20. Bc1
Kh8 21. Bf4 Qc7 22. Bxd6 Qxd6 23. Qg3 Qxg3+ 24. Kxg3 Nc6 25. Ne2 Kg7 26.
Rac1 Rac8 27. Bb1 h6 28. f4 Kf7 29. Ba2 Ke7 30. Nc3 Nxd4 31. Bxd5 b6 32.
Ba2 Rc6 33. Nd5+ Kd6 34. Rxc6+ Bxc6 35. Ne3 Kc7 36. Kf2 Rd8 37. Rd1 Ba4 38.
Rd2 Bb5 39. f5 Rd6 40. fxe6 Nxe6 41. Rxd6 Kxd6 42. Nf5+ Ke5 43. Bxe6 Kxe6
44. Nd4+ 1-0

[Event "3rd ACT"]
[Site "Amsterdam NED"]
[Date "2006.07.19"]
[Round "5"]
[White "Van Vliet,J"]
[Black "Ahlers,B"]
[Result "0-1"]
[WhiteElo "2250"]
[BlackElo "2185"]
[EventDate "2006.07.15"]

1. e4 e6 2. d4 d5 3. e5 c5 4. c3 Nc6 5. Nf3 Qb6 6. a3 Nh6 7. b4 cxd4 8.
cxd4 Nf5 9. Bb2 Be7 10. Bd3 Bd7 11. Bxf5 exf5 12. Nc3 Be6 13. O-O O-O 14.
Qd3 Rac8 15. Na4 Qd8 16. Rac1 b6 17. Nc3 Qd7 18. Nd2 f4 19. Ne2 g5 20. g3
Bf5 21. Qb3 Kh8 22. f3 Rg8 23. Kh1 fxg3 24. Nxg3 Bg6 25. Qe3 Rcf8 26. f4
gxf4 27. Qxf4 Nd8 28. Nf5 Ne6 29. Qf2 Bd8 30. Nd6 f5 31. Qf3 Nc7 32. Rxc7
Bxc7 33. Qxd5 Bxd6 34. exd6 h6 35. Nf3 f4 36. Rc1 Re8 37. Ne5 Qf5 38. Nxg6+
Qxg6 39. d7 Rd8 40. Qe5+ Kh7 41. Qe2 h5 42. d5 Rxd7 43. Be5 Re7 0-1

[Event "3rd ACT"]
[Site "Amsterdam NED"]
[Date "2006.07.19"]
[Round "5"]
[White "Moll,A"]
[Black "Overeem,M"]
[Result "1/2-1/2"]
[WhiteElo "2180"]
[BlackElo "2243"]
[EventDate "2006.07.15"]

1. Nc3 d5 2. d4 Nf6 3. Bg5 Bf5 4. Bxf6 gxf6 5. e3 e6 6. Bd3 Bg6 7. h4 Nd7
8. Nge2 c6 9. h5 Bxd3 10. Qxd3 Bd6 11. e4 a6 12. Qe3 Qa5 13. exd5 cxd5 14.
g3 O-O-O 15. Kf1 f5 16. Nf4 Nf6 17. Nce2 Kb8 18. Kg2 Rhg8 19. c3 Qc7 20. b3
Rg4 21. f3 Bxf4 22. Nxf4 Rg5 23. Rh3 Rdg8 24. Qe5 Qxe5 25. dxe5 Nd7 1/2-1/2

[Event "3rd ACT"]
[Site "Amsterdam NED"]
[Date "2006.07.19"]
[Round "5"]
[White "De Jong,M"]
[Black "Van Ruitenburg,J"]
[Result "1-0"]
[WhiteElo "2241"]
[BlackElo "2315"]
[EventDate "2006.07.15"]

1. e4 e5 2. Nf3 Nc6 3. Bb5 a6 4. Ba4 d6 5. c3 f5 6. exf5 Bxf5 7. O-O Bd3 8.
Re1 Be7 9. Bc2 Bxc2 10. Qxc2 Qd7 11. d4 exd4 12. cxd4 Nf6 13. Nc3 O-O 14.
d5 Nb4 15. Qb3 a5 16. Bg5 Kh8 17. Rad1 c6 18. dxc6 Nxc6 19. Na4 Rae8 20.
Nc5 Qf5 21. Ne6 Rf7 22. Qxb7 Ne5 23. Nfd4 Qg6 24. f4 Ng8 25. Qb5 Bxg5 26.
Qxe8 Bh4 27. Re2 Ng4 28. Nd8 Bxd8 29. Qxd8 Rxf4 30. Qh4 d5 31. Qg3 Qh6 32.
Ne6 Rb4 33. h3 N4f6 34. Nd8 Qh5 35. Qg5 h6 36. Qxh5 Nxh5 37. Nc6 Rb5 38.
Rc2 Ngf6 39. a4 Rb3 40. Nxa5 Rg3 41. Nc6 1-0

[Event "3rd ACT"]
[Site "Amsterdam NED"]
[Date "2006.07.19"]
[Round "5"]
[White "Thiel,T"]
[Black "Van Gool,H"]
[Result "0-1"]
[WhiteElo "2302"]
[BlackElo "2208"]
[EventDate "2006.07.15"]

1. e4 e5 2. d4 exd4 3. Qxd4 Nc6 4. Qe3 g6 5. Nc3 d6 6. Bc4 Bg7 7. Bd2 Nf6
8. O-O-O O-O 9. h4 Re8 10. f3 Be6 11. Bxe6 Rxe6 12. Qf2 Ne5 13. h5 c6 14.
hxg6 hxg6 15. Nge2 Nc4 16. Bg5 Qb6 17. Qxb6 axb6 18. b3 Na3 19. Be3 d5 20.
Bxb6 dxe4 21. f4 Nd5 22. Nxd5 cxd5 23. Bd4 Nxc2 24. Bxg7 Kxg7 25. Kb2 Nb4
26. Ra1 Rc6 27. Nd4 Nd3+ 28. Kb1 Rb6 29. f5 Ra4 30. Kc2 Rxd4 31. Kc3 Rdb4
0-1

[Event "3rd ACT"]
[Site "Amsterdam NED"]
[Date "2006.07.19"]
[Round "5"]
[White "Bakker,S"]
[Black "Bensdorp,M"]
[Result "1/2-1/2"]
[WhiteElo "2231"]
[BlackElo "2290"]
[EventDate "2006.07.15"]

1. d4 e6 2. c4 Nf6 3. Nf3 d5 4. Nc3 c6 5. cxd5 exd5 6. Bg5 Be7 7. e3 Bf5 8.
Be2 h6 9. Bf4 Nbd7 10. h3 Qb6 11. Qc1 O-O 12. O-O Rfe8 13. Rd1 a5 14. b3
Qa7 15. g4 Bh7 16. Ne5 Nxe5 17. Bxe5 Ne4 18. Bd3 Nxc3 19. Qxc3 Bxd3 20.
Rxd3 Ba3 21. Kg2 Qa6 22. Qc2 Rac8 23. Bg3 Qb6 24. Rad1 Qd8 25. Qe2 Ra8 26.
Qf3 Qe7 27. Qf5 Ra6 28. h4 Bb4 29. a4 Qe4+ 30. f3 Qe7 31. g5 Qe6 32. Qxe6
Rxe6 33. Bf4 h5 34. Kf2 Ra8 35. Rg1 Kf8 36. Rc1 Ke7 1/2-1/2

[Event "3rd ACT"]
[Site "Amsterdam NED"]
[Date "2006.07.19"]
[Round "5"]
[White "Ouwendijk,V"]
[Black "Hofland,L"]
[Result "1/2-1/2"]
[WhiteElo "2210"]
[BlackElo "2272"]
[EventDate "2006.07.15"]

1. e4 c5 2. Nf3 a6 3. c4 d6 4. d4 Bg4 5. dxc5 Qa5+ 6. Nc3 Qxc5 7. Nd5 Nd7
8. Be3 Qc6 9. Nd4 Qxd5 10. cxd5 Bxd1 11. Rxd1 O-O-O 12. Rc1+ Kb8 13. f3 Rc8
14. Rxc8+ Kxc8 15. Be2 Ngf6 16. Kd2 g6 17. Rc1+ Kb8 18. Nc6+ bxc6 19. dxc6
Nc5 20. b4 Ne6 21. Bxa6 Nc7 22. Be2 d5 23. e5 d4 24. Bg5 Nfd5 25. b5 f6 26.
b6 fxg5 27. bxc7+ Kxc7 28. g3 e6 29. Kd3 Nc3 30. Bf1 Bc5 31. Kc4 Bb6 32.
Bg2 Ra8 33. Kb3 Rxa2 34. Bh3 Rf2 35. Bxe6 Rxf3 36. Kc4 Ne4 37. Re1 Re3 38.
Ra1 Nc5 39. Bd5 Rxe5 40. Kxd4 Re2 41. Rf1 Ne4+ 42. Kd3 Re3+ 43. Kc2 Kd6 44.
Bg8 Rc3+ 45. Kd1 Rd3+ 46. Ke1 Re3+ 47. Kd1 h6 48. Bf7 Kxc6 49. Bxg6 Bd4 50.
Rf7 Kd6 51. Rh7 Nf2+ 52. Kd2 Re6 53. Bf5 Rf6 54. Bc8 Kd5 55. Rd7+ Rd6 56.
Re7 Be5 57. Ke2 Ne4 58. Kf3 Nf6 59. Ra7 Rb6 60. Ra5+ Kd6 61. Ra6 Rxa6 62.
Bxa6 h5 63. Bd3 g4+ 64. Kg2 Kd5 65. Bg6 Kd4 66. Bf7 Ke3 67. Bg6 Bd4 68. Bf7
Ke4 69. Bg6+ Ke5 70. Kh1 Ke6 71. Kg2 Ke7 72. Kh1 Kf8 73. Kg2 Kg7 74. Bd3
Nd5 75. Bb5 Ne3+ 76. Kh1 Kf6 77. Bc6 Kg5 78. Bb7 Nc2 79. Kg2 Ne1+ 80. Kf1
Nf3 81. Kg2 Ne5 82. Be4 h4 83. h3 gxh3+ 84. Kxh3 1/2-1/2

[Event "3rd ACT"]
[Site "Amsterdam NED"]
[Date "2006.07.19"]
[Round "5"]
[White "Hartoch,R"]
[Black "Walton,A"]
[Result "1/2-1/2"]
[WhiteElo "2265"]
[BlackElo "2222"]
[EventDate "2006.07.15"]

1. Nf3 f5 2. g3 Nf6 3. Bg2 d6 4. d4 e6 5. O-O Be7 6. c4 O-O 7. Nc3 Ne4 8.
Nxe4 fxe4 9. Nd2 d5 10. f3 c5 11. fxe4 1/2-1/2

[Event "3rd ACT"]
[Site "Amsterdam NED"]
[Date "2006.07.20"]
[Round "6"]
[White "Tiviakov,S"]
[Black "L'Ami,E"]
[Result "1/2-1/2"]
[WhiteElo "2668"]
[BlackElo "2586"]
[EventDate "2006.07.15"]

1. e4 c5 2. Nc3 d6 3. Nge2 Nf6 4. d4 cxd4 5. Nxd4 a6 6. Be3 e6 7. Be2 Qc7
8. a4 b6 9. f4 Bb7 10. Bf3 Be7 11. g4 Nc6 12. g5 1/2-1/2

[Event "3rd ACT"]
[Site "Amsterdam NED"]
[Date "2006.07.20"]
[Round "6"]
[White "Van der Weide,K"]
[Black "Halkias,S"]
[Result "1/2-1/2"]
[WhiteElo "2446"]
[BlackElo "2551"]
[EventDate "2006.07.15"]

1. e4 e6 2. d4 d5 3. Nc3 Bb4 4. e5 c5 5. a3 Bxc3+ 6. bxc3 Ne7 7. Nf3 b6 8.
a4 Ba6 9. Bxa6 Nxa6 10. Qe2 Nb8 11. a5 Nd7 12. O-O h6 13. c4 dxc4 14. dxc5
bxc5 15. Nd2 c3 16. Nc4 O-O 17. Rd1 Qc7 18. Rd3 Ng6 19. f4 Rab8 20. Be3 Ne7
21. Rad1 Nd5 22. Bc1 Rb4 23. Rg3 Ne7 24. Nd6 g6 25. Rh3 Rb1 1/2-1/2

[Event "3rd ACT"]
[Site "Amsterdam NED"]
[Date "2006.07.20"]
[Round "6"]
[White "Nijboer,F"]
[Black "Siebrecht,S"]
[Result "1-0"]
[WhiteElo "2598"]
[BlackElo "2414"]
[EventDate "2006.07.15"]

1. e4 c6 2. d4 d5 3. e5 Bf5 4. Nf3 e6 5. Be2 Nd7 6. O-O h6 7. Nbd2 Ne7 8.
Nb3 Qc7 9. Bd2 Be4 10. Rc1 Rc8 11. Ba5 Qb8 12. Be1 a6 13. Nfd2 Bh7 14. f4
c5 15. dxc5 Nxc5 16. Nxc5 Rxc5 17. Bf2 Rc8 18. c4 Rd8 19. Qa4+ Rd7 20. Nb3
Nc6 21. cxd5 Rxd5 22. Rxc6 bxc6 23. Qxc6+ Ke7 24. Qxa6 g5 25. Bc4 Rd7 26.
Bc5+ Kd8 27. Qa5+ Kc8 28. Ba6+ Rb7 29. Bxf8 Rxf8 30. Qc5+ Kd7 31. Rd1+ 1-0

[Event "3rd ACT"]
[Site "Amsterdam NED"]
[Date "2006.07.20"]
[Round "6"]
[White "Erenburg,S"]
[Black "Schaefer,Mark"]
[Result "1/2-1/2"]
[WhiteElo "2585"]
[BlackElo "2354"]
[EventDate "2006.07.15"]

1. e4 e6 2. d4 d5 3. Nd2 Nf6 4. e5 Nfd7 5. Bd3 c5 6. c3 Nc6 7. Ne2 cxd4 8.
cxd4 f6 9. exf6 Nxf6 10. Nf3 Bd6 11. O-O Qc7 12. Bg5 O-O 13. Bh4 Bd7 14.
Bg3 Be8 15. Bxd6 Qxd6 16. Ng3 h6 17. Bc2 Qf4 18. Re1 Bd7 19. a3 Rae8 20. h3
Re7 21. Qd3 Be8 22. Re3 a6 23. Rae1 Bf7 24. Bb1 Rc7 25. Ne2 Qd6 26. Ne5 Ne7
27. g4 Be8 28. Nc3 Qb6 29. b4 a5 30. Rf3 Nc8 31. b5 Nd6 32. a4 Nde4 33. Ne2
Ng5 34. Re3 Nfe4 35. f4 Nh7 36. Ng3 Rxf4 37. Nxe4 dxe4 38. Rxe4 Rxe4 39.
Qxe4 Nf6 40. Qd3 Qd6 41. Ba2 Nd5 42. Bxd5 Qxd5 43. Ra1 Rc2 44. Qxc2 Qxd4+
45. Kg2 Qxa1 46. Nf3 Qf6 47. Qc7 Bg6 48. Qxb7 Qf4 49. Qc8+ Kh7 50. Qxe6
Qxa4 51. b6 Qb4 52. Kg3 a4 53. h4 Qe4 54. Qxe4 Bxe4 55. Nd2 Bh1 56. Nc4 Kg6
57. Kf4 Kf6 58. Ke3 Ke6 59. Kd4 Kd7 60. Kc5 g5 61. hxg5 hxg5 62. Kb4 Kc6
63. Kxa4 Bd5 64. Kb4 Be6 65. Kc3 Bxg4 66. Ne5+ Kxb6 67. Nxg4 1/2-1/2

[Event "3rd ACT"]
[Site "Amsterdam NED"]
[Date "2006.07.20"]
[Round "6"]
[White "Tukmakov,V"]
[Black "Hunt,A"]
[Result "1/2-1/2"]
[WhiteElo "2560"]
[BlackElo "2457"]
[EventDate "2006.07.15"]

1. d4 Nf6 2. c4 g6 3. Nf3 Bg7 4. g3 O-O 5. Bg2 d6 6. O-O Nbd7 7. Nc3 e5 8.
h3 a6 9. dxe5 dxe5 10. Be3 Qe7 11. Qb3 Re8 12. Nd5 Nxd5 13. cxd5 Nf6 14.
Nd2 Rb8 15. Nc4 Bf8 16. Rac1 Qb4 17. Qxb4 Bxb4 18. a3 Bf8 19. Rfd1 b5 20.
Na5 Bd6 21. Ba7 Ra8 22. Bc5 Rd8 23. f4 exf4 24. Bxd6 cxd6 25. gxf4 Bf5 26.
Rc6 Rd7 27. Nb3 Re8 28. Nd4 Be4 29. Rxa6 Bxg2 30. Kxg2 Nxd5 31. Kg3 Re3+
32. Nf3 Nf6 33. Kf2 Rb3 34. Kf1 Ne4 35. Nd2 Nxd2+ 36. Rxd2 Rxh3 37. Raxd6
Rxd6 38. Rxd6 Rb3 39. Rd2 h5 40. Kf2 Kg7 41. e3 Kf6 42. Kf3 Ke6 43. Ke4 f5+
44. Kf3 Kf6 45. Rd6+ Kg7 46. Rd7+ Kh6 47. Rd2 Kg7 48. Rd7+ Kf6 49. Rd6+ Kf7
50. Rd7+ Ke6 51. Rd2 Kf6 1/2-1/2

[Event "3rd ACT"]
[Site "Amsterdam NED"]
[Date "2006.07.20"]
[Round "6"]
[White "Cuijpers,F"]
[Black "Van Delft,M"]
[Result "1-0"]
[WhiteElo "2510"]
[BlackElo "2382"]
[EventDate "2006.07.15"]

1. e4 c6 2. d4 d5 3. Nc3 dxe4 4. Nxe4 Bf5 5. Ng3 Bg6 6. h4 h6 7. Nf3 Nd7 8.
h5 Bh7 9. Bd3 Bxd3 10. Qxd3 e6 11. Bf4 Qa5+ 12. Bd2 Bb4 13. c3 Be7 14. c4
Qc7 15. O-O-O Ngf6 16. Kb1 O-O 17. Ne4 b5 18. Rc1 bxc4 19. Rxc4 Rfb8 20.
Nxf6+ Nxf6 21. Qc2 Ba3 22. Bc1 Rb6 23. Ne5 Rc8 24. g4 Bd6 25. Nd3 Rb5 26.
Rg1 Qd7 27. Nc5 Bxc5 28. dxc5 Nd5 29. g5 hxg5 30. Rxg5 Nb4 31. Qc3 Qd3+ 32.
Qxd3 Nxd3 33. Rcg4 g6 34. hxg6 f6 35. Rh5 Rxc5 36. Rxc5 Nxc5 37. Be3 Nd7
38. Ra4 Nf8 39. Rxa7 Nxg6 40. a4 c5 41. Ra5 1-0

[Event "3rd ACT"]
[Site "Amsterdam NED"]
[Date "2006.07.20"]
[Round "6"]
[White "Pruijssers,R"]
[Black "Ftacnik,L"]
[Result "0-1"]
[WhiteElo "2355"]
[BlackElo "2579"]
[EventDate "2006.07.15"]

1. e4 c5 2. Nf3 d6 3. d4 cxd4 4. Nxd4 Nf6 5. Nc3 e6 6. g4 h6 7. h3 Nc6 8.
Be3 a6 9. Qe2 Nxd4 10. Bxd4 e5 11. Be3 Be6 12. Bg2 Rc8 13. Nd5 Nxd5 14.
exd5 Bd7 15. O-O-O Be7 16. f4 exf4 17. Bxf4 O-O 18. Kb1 Re8 19. Qd2 Bf6 20.
Qb4 Rc5 21. Qd2 Qb6 22. b3 Rc3 23. Rhe1 Rec8 24. Rc1 a5 25. Re3 R3c4 26.
Re4 Rxe4 27. Bxe4 Bc3 28. Qe3 Qxe3 0-1

[Event "3rd ACT"]
[Site "Amsterdam NED"]
[Date "2006.07.20"]
[Round "6"]
[White "Swinkels,R"]
[Black "Al Modiahki,M"]
[Result "0-1"]
[WhiteElo "2286"]
[BlackElo "2564"]
[EventDate "2006.07.15"]

1. e4 e6 2. d4 d5 3. Nc3 Bb4 4. e5 c5 5. a3 Bxc3+ 6. bxc3 Qa5 7. Bd2 Qa4 8.
Qb1 c4 9. Nf3 Nc6 10. h4 Bd7 11. h5 h6 12. Nh4 O-O-O 13. g3 Nge7 14. Bh3
Kb8 15. f4 g6 16. g4 gxh5 17. gxh5 Rdg8 18. Kf2 Nf5 19. Nxf5 exf5 20. Rg1
Qa5 21. Be1 Qd8 22. Kf1 Be6 23. Qd1 Qb6 24. Qb1 Qa5 25. Rg2 f6 26. exf6 Qc7
27. Bg3 Rxg3 28. Rxg3 Qxf4+ 29. Kg2 Qe4+ 30. Kg1 Qh4 31. Qe1 f4 32. Rg4
Qxe1+ 33. Rxe1 Bxg4 34. f7 Bxh5 35. Be6 Rf8 0-1

[Event "3rd ACT"]
[Site "Amsterdam NED"]
[Date "2006.07.20"]
[Round "6"]
[White "Gullaksen,E"]
[Black "Vazquez,R"]
[Result "0-1"]
[WhiteElo "2387"]
[BlackElo "2517"]
[EventDate "2006.07.15"]

1. e4 c5 2. Nf3 d6 3. d4 cxd4 4. Nxd4 Nf6 5. Nc3 a6 6. Bc4 e6 7. O-O b5 8.
Bb3 Bb7 9. Re1 Nc6 10. a4 b4 11. Nxc6 Bxc6 12. Nd5 Bb7 13. Nxf6+ Qxf6 14.
a5 Be7 15. Ba4+ Kf8 16. Qd2 d5 17. e5 Qh4 18. Qd3 h5 19. Be3 Rc8 20. Bd4 g6
21. Re3 Kg7 22. c3 Bc5 23. Rh3 Qf4 24. Rf3 Qh4 25. Qd2 bxc3 26. bxc3 Bxd4
27. cxd4 Rc4 28. Rf4 Qe7 29. Bc2 Qb4 30. Qd3 Rhc8 31. Qf3 Rxc2 32. Rxf7+
Kg8 33. Rg7+ Kxg7 34. Qf6+ Kg8 35. Qxe6+ Kf8 36. Qf6+ Ke8 37. Qxg6+ Kd8 38.
Qf6+ Qe7 0-1

[Event "3rd ACT"]
[Site "Amsterdam NED"]
[Date "2006.07.20"]
[Round "6"]
[White "Szymczak,Z"]
[Black "Holzke,F"]
[Result "1/2-1/2"]
[WhiteElo "2288"]
[BlackElo "2472"]
[EventDate "2006.07.15"]

1. d4 Nf6 2. c4 g6 3. Nc3 d5 4. Bf4 Bg7 5. e3 c5 6. dxc5 Qa5 7. Rc1 dxc4 8.
Bxc4 O-O 9. Nf3 Qxc5 10. Bb3 Nc6 11. O-O Qa5 12. Qe2 Nh5 13. Bg5 Bg4 14.
Bh4 Qb4 15. Qc4 Qxc4 16. Bxc4 Bxf3 17. gxf3 Rac8 18. Be2 Bf6 19. Bxf6 Nxf6
20. Rfd1 g5 21. Nd5 Nxd5 22. Rxd5 Nd4 23. Re1 Rc1 24. Kf1 Nxe2 25. Kxe2
Rc2+ 26. Rd2 Rxd2+ 27. Kxd2 Rd8+ 28. Ke2 Rc8 29. Kd3 Rd8+ 30. Ke2 Rc8 31.
Kd3 Kg7 32. Rg1 Kf6 33. Rg4 h5 34. Ra4 Rd8+ 35. Ke2 a6 36. f4 g4 37. Ra5
Rc8 38. Kd2 Rd8+ 39. Ke2 Rc8 40. Kd2 Rd8+ 1/2-1/2

[Event "3rd ACT"]
[Site "Amsterdam NED"]
[Date "2006.07.20"]
[Round "6"]
[White "Spoelman,W"]
[Black "Van de Oudeweetering,A"]
[Result "0-1"]
[WhiteElo "2461"]
[BlackElo "2345"]
[EventDate "2006.07.15"]

1. e4 e5 2. Nf3 Nc6 3. Bb5 a6 4. Ba4 Nf6 5. O-O Be7 6. Re1 b5 7. Bb3 d6 8.
c3 O-O 9. d4 Bg4 10. a4 Qb8 11. axb5 axb5 12. Rxa8 Qxa8 13. h3 Bxf3 14.
gxf3 Na5 15. Bc2 Qc8 16. Kh2 c5 17. dxe5 dxe5 18. f4 Nc6 19. fxe5 Nxe5 20.
f4 Ng6 21. Qe2 c4 22. e5 Nd7 23. Bf5 Qc7 24. Be3 Ndxe5 25. Rd1 Nd3 26. Bxd3
cxd3 27. Rxd3 Nxf4 28. Bxf4 Qxf4+ 29. Kh1 Bd6 30. Nd2 Ra8 31. Nb3 h6 32.
Rd4 Qg3 33. Rd3 Qf4 34. Rd4 Qg3 35. Rd3 Qg6 36. Rd5 Ra2 37. Rd1 Qg3 38. Rd3
Qf4 39. Rd5 Rxb2 40. Nd2 g6 41. Qg2 Rc2 0-1

[Event "3rd ACT"]
[Site "Amsterdam NED"]
[Date "2006.07.20"]
[Round "6"]
[White "Michiels,B"]
[Black "Peelen,P"]
[Result "1-0"]
[WhiteElo "2455"]
[BlackElo "2352"]
[EventDate "2006.07.15"]

1. e4 e5 2. Bc4 Nf6 3. d3 c6 4. Nf3 Be7 5. O-O d6 6. c3 O-O 7. Bb3 Bg4 8.
Re1 Nbd7 9. Nbd2 d5 10. h3 Bh5 11. Qe2 a5 12. a4 Nc5 13. Bc2 dxe4 14. dxe4
Nfd7 15. Nf1 Re8 16. Ng3 Bg6 17. Rd1 Bf8 18. h4 f6 19. h5 Bf7 20. Be3 Qb6
21. Rxd7 Qxb2 22. Rb1 Qxb1+ 23. Bxb1 Nxd7 24. Ba2 g6 25. hxg6 hxg6 26. Nh4
Bxa2 27. Qxa2+ Kg7 28. Bh6+ Kxh6 29. Qf7 g5 30. Ngf5+ 1-0

[Event "3rd ACT"]
[Site "Amsterdam NED"]
[Date "2006.07.20"]
[Round "6"]
[White "De Vreugt,D"]
[Black "Ashton,A"]
[Result "1/2-1/2"]
[WhiteElo "2429"]
[BlackElo "2329"]
[EventDate "2006.07.15"]

1. e4 e5 2. Nf3 Nc6 3. Bb5 a6 4. Ba4 Nf6 5. O-O Be7 6. Re1 b5 7. Bb3 O-O 8.
h3 d6 9. c3 Na5 10. Bc2 c5 11. d4 Qc7 12. Nbd2 cxd4 13. cxd4 Bb7 14. d5
Rac8 15. Bd3 Nd7 16. Nf1 f5 17. Bg5 Nf6 18. Rc1 Qd7 19. exf5 Bxd5 20. Rxc8
Rxc8 21. b3 Qb7 22. N1d2 Rd8 23. Qe2 Nc6 24. Bb1 Bf7 25. Nf1 a5 26. Bd2 a4
27. Ng5 d5 28. bxa4 bxa4 29. Nh2 e4 30. Qd1 a3 31. Nxf7 Kxf7 32. g4 Kg8 33.
Bf4 Qb5 34. Bc2 Qb2 35. g5 Ne8 36. Bb3 Nd4 37. Rxe4 Bc5 38. Bxd5+ Rxd5 39.
Rxe8+ Kf7 40. Re1 Rxf5 41. Be3 1/2-1/2

[Event "3rd ACT"]
[Site "Amsterdam NED"]
[Date "2006.07.20"]
[Round "6"]
[White "Cox,JJ"]
[Black "Tan,Mat"]
[Result "1-0"]
[WhiteElo "2418"]
[BlackElo "2288"]
[EventDate "2006.07.15"]

1. d4 d5 2. c4 c6 3. Nf3 e6 4. Bg5 Be7 5. Bxe7 Qxe7 6. Qb3 Nf6 7. Nbd2 Nbd7
8. g3 O-O 9. Bg2 e5 10. cxd5 e4 11. d6 Qxd6 12. Ng5 Qxd4 13. Ngxe4 Nxe4 14.
Nxe4 Nb6 15. O-O Qe5 16. Rac1 Be6 17. Qa3 Rfd8 18. Rfd1 Rxd1+ 19. Rxd1 Bd5
20. Nc3 Bxg2 21. Kxg2 Nc4 22. Qxa7 Qb8 23. Qd4 Ne5 24. Ne4 Ng6 25. Nd6 Nf8
26. a3 Qc7 27. Nc4 Qe7 28. Rd2 Ra4 29. Qe5 Ne6 30. Nd6 Ra8 31. Nf5 Qg5 32.
f4 Qh5 33. Ne7+ 1-0